[Event "ROU-chT Women Superliga 2018"]
[Site "Sovata"]
[Date "2018.11.29"]
[Round "5"]
[White "Bucur, Denisa-Andreea"]
[Black "Cosma, Elena-Luminita"]
[Result "1/2-1/2"]
[WhiteElo "2012"]
[BlackElo "2338"]
[Annotator "TA"]
[PlyCount "53"]
[EventDate "2018.11.24"]
[EventType "team-tourn"]
[EventCountry "ROU"]
[SourceTitle "playchess.com"]
[Source "ChessBase"]
[SourceQuality "1"]

{[%evp 27,53,26,33,25,38,39,41,45,41,33,47,43,41,0,0,0,0,0,0,-18,0,0,0,0,9,0,0,0]} 1. d4 e6 2. Nf3 d5 3. c4 Nf6 4. Nc3 c5 5. cxd5 Nxd5 6. e4 Nxc3 7. bxc3 cxd4 8. cxd4 Bb4+ 9. Bd2 Bxd2+ 10. Qxd2 O-O 11. Bc4 Nd7 12. O-O {D41: Queen's Gambit Declined: Semi-Tarrasch with 5 cxd5} b6 13. a4 (13. Rad1 Bb7 14. Rfe1 Rc8 15. Bb3 Re8 16. h3 Nf6 17. Qf4 Nh5 18. Qh2 h6 19. d5 exd5 20. e5 g6 21. Nd4 Ng7 22. Nb5 {½-½ (54) Mamedyarov,S (2820)-Ding,L (2804) Batumi 2018}) 13... Bb7 14. Rfe1 Rc8 {LiveBook: 79 Games} 15. Bd3 Qe7 16. a5 Rc7 17. axb6 axb6 18. h3 $146 ({Predecessor:} 18. Qb2 Rfc8 19. Ra7 h6 20. h3 Qf6 21. Nd2 Qf4 22. g3 Qg5 23. Nc4 Nf6 24. h4 Qg4 25. Ne5 Qh5 26. Be2 Rc1 27. Kf1 Rxe1+ 28. Kxe1 {1-0 (28) Testor,S (2283)-Wittmann,W (2190) Austria 2015}) 18... h6 19. Qb2 Rfc8 20. Nd2 Rc3 {The position is equal.} 21. Re3 Qd6 22. Ra4 Rc1+ 23. Nf1 Qc7 24. Ra7 Qb8 25. Ra1 Qc7 26. Ra7 Qb8 27. Ra1 {Accuracy: White = 46%, Black = 48%.} 1/2-1/2

[Event "ROU-chT Women Superliga 2018"]
[Site "Sovata"]
[Date "2018.11.29"]
[Round "5"]
[White "Baciu, Anca-Otilia"]
[Black "Sgircea, Silvia-Raluca"]
[Result "1-0"]
[WhiteElo "1998"]
[BlackElo "2259"]
[Annotator "NA RC"]
[PlyCount "63"]
[EventDate "2018.11.24"]
[EventType "team-tourn"]
[EventCountry "ROU"]
[SourceTitle "playchess.com"]
[Source "ChessBase"]
[SourceQuality "1"]
[TimeControl "40/5400+30:1800+30"]

1. e4 {[%emt 0:00:00]} c5 {[%emt 0:00:00]} 2. Nf3 {[%emt 0:00:00]} Nc6 {[%emt 0:00:00]} 3. Bb5 {[%emt 0:00:00]} g6 {[%emt 0:00:00]} 4. Bxc6 {[%emt 0:00:06]} bxc6 {[%emt 0:00:00] LiveBook: 1502 Games} 5. O-O {[%emt 0:00:07]} Bg7 {[%emt 0:00:02]} 6. Re1 {[%emt 0:00:36]} Nh6 {[%emt 0:00:29]} 7. c3 {[%emt 0:01:00]} O-O {[%emt 0:00:21]} 8. d4 {[%emt 0:00:35] B31: Sicilian: 2...Nc6 3 Bb5 g6} (8. h3 f5 9. e5 Nf7 10. d3 d6 11. Bf4 Ba6 12. Na3 Rb8 13. Qd2 dxe5 14. Nxe5 Nxe5 15. Bxe5 Bxe5 16. Rxe5 Qxd3 {1-0 (50) Amin,B (2686)-Guseinov,G (2667) Hoogeveen 2018}) 8... Qb6 {[%emt 0:00:21]} 9. Na3 {[%emt 0:06:27]} cxd4 {[%emt 0:00:44]} 10. cxd4 {[%emt 0:00:08]} d6 {[%emt 0:00:48]} 11. Nc4 {[%emt 0:06:21]} Qa6 {[%emt 0:02:21]} 12. Ne3 {[%emt 0:09:51]} Rb8 {[%emt 0:13:38]} 13. b3 $146 {[%emt 0:05:59]} ({Predecessor:} 13. h3 Be6 14. g4 Kh8 15. d5 Bd7 16. dxc6 Bxc6 {0-1 (35) Jeran,B (2153)-Skoberne,J (2479) Ljubljana 2007}) 13... Bd7 {[%emt 0:05:41]} 14. Bb2 {[%emt 0:00:52]} f6 {[%emt 0:01:27]} 15. Qc2 {[%emt 0:05:43]} Nf7 {[%emt 0:01:54]} 16. Nd2 {[%emt 0:01:37]} Rfd8 {[%emt 0:15:47]} 17. f4 {[%emt 0:04:49]} e5 {[%emt 0:06:51]} 18. f5 {[%emt 0:03:56]} exd4 {[%emt 0:08:27]} 19. Bxd4 {[%emt 0:03:23]} Ne5 {[%emt 0:01:26]} 20. fxg6 {[%emt 0:11:49]} hxg6 {[%emt 0:00:15]} 21. Ndc4 {[%emt 0:00:44]} Be6 {[%emt 0:00:51]} 22. Nxe5 {[%emt 0:04:00]} (22. Rad1 $16) 22... fxe5 {[%emt 0:00:52]} 23. Bb2 {[%emt 0:00:54]} Bf7 {[%emt 0:16:52]} 24. Kh1 {[%emt 0:05:31]} Qb5 {[%emt 0:03:34]} 25. Qf2 {[%emt 0:07:49]} d5 {[%emt 0:07:33]} ({Better is} 25... Qa5 $14) 26. exd5 {[%emt 0:07:11]} cxd5 {[%emt 0:00:07]} 27. Ng4 {[%emt 0:00:07]} d4 {[%emt 0:01:07]} 28. Rf1 {[%emt 0:01:38]} Qd5 {[%emt 0:00:36]} 29. Bc1 {[%emt 0:03:53]} Rf8 {[%emt 0:07:55]} 30. Nh6+ {[%emt 0:02:52]} Kh7 {[%emt 0:02:06] [#]} 31. Qh4 $1 {[%emt 0:01:02]} ({Worse is} 31. Nxf7 Kg8 $17) 31... g5 {[%emt 0:00:28]} 32. Bxg5 $18 {[%emt 0:00:32]} 1-0

[Event "ROU-chT Women Superliga 2018"]
[Site "Sovata"]
[Date "2018.11.29"]
[Round "5"]
[White "Firaru, Roxana-Maria"]
[Black "Bulmaga, Irina"]
[Result "0-1"]
[WhiteElo "1943"]
[BlackElo "2386"]
[Annotator "TA"]
[PlyCount "55"]
[EventDate "2018.11.24"]
[EventType "team-tourn"]
[EventCountry "ROU"]
[SourceTitle "playchess.com"]
[Source "ChessBase"]
[SourceQuality "1"]

{[%evp 17,55,66,74,41,124,119,130,50,68,53,59,-57,-46,-46,-33,-60,0,-117,-124,-114,-90,-125,-121,-101,-105,-145,-147,-151,-154,-188,-192,-370,-383,-530,-506,-522,-506,-662,-658,-1309]} 1. e4 c5 2. Nc3 Nc6 3. Bb5 d6 4. Bxc6+ bxc6 5. f4 d5 (5... g6 6. Nf3 Bg7 7. d3 Nf6 8. O-O O-O 9. Qe1 Nd7 10. Kh1 e5 11. f5 gxf5 12. Nh4 f4 13. g3 c4 14. Nf5 cxd3 15. gxf4 Nc5 16. Nxg7 Kxg7 17. b4 Nd7 18. cxd3 {½-½ (50) Rapport,R (2717)-Tan,Z (2496) Danzhou 2016}) 6. d3 {B23: Closed Sicilian: Lines without g3} g6 7. Nf3 Bg7 8. O-O Nf6 9. Qe1 O-O {LiveBook: 3 Games} 10. Qh4 d4 {[#]} (10... e6 $14) 11. Na4 $146 ({Predecessor:} 11. Nd1 c4 12. Nf2 cxd3 13. cxd3 c5 14. f5 gxf5 15. Bh6 Bxh6 16. Qxh6 fxe4 17. dxe4 {1-0 (25) Bauer,R (2101)-Bensch,P (2139) Bayern 2014}) 11... c4 12. f5 (12. e5 $16) 12... cxd3 13. cxd3 gxf5 14. exf5 ({White should try} 14. Bg5 $14) 14... Bxf5 $15 15. Ne5 Bg6 $1 16. Bh6 Qd6 (16... Bxh6 $15 17. Qxh6 Qd6) 17. Rae1 (17. Bxg7 $11 {keeps the balance.} Kxg7 18. Rae1) 17... Bxh6 $17 18. Qxh6 Nd5 19. Rf3 {[#]} Ne3 $1 ({Weaker is} 19... Qb4 20. Ref1 $11) 20. Qf4 Rab8 21. b3 Rb5 $36 {[%mdl 2048] Keeping White busy.} 22. Nxg6 hxg6 23. Qxd6 exd6 24. Rf6 $2 (24. Nb2 {is a better defense.}) 24... Nf5 $19 25. g4 Kg7 {Black is clearly winning.} 26. g5 Rh8 27. Nb2 Rh5 28. Kf2 {Accuracy: White = 26%, Black = 65%.} 0-1

[Event "ROU-chT Women Superliga 2018"]
[Site "Sovata"]
[Date "2018.11.29"]
[Round "5"]
[White "Nastase, Andreea-Cristina"]
[Black "Panainte, Andreea-Bianca"]
[Result "1-0"]
[WhiteElo "1900"]
[BlackElo "1946"]
[Annotator "NA RC"]
[PlyCount "73"]
[EventDate "2018.11.24"]
[EventType "team-tourn"]
[EventCountry "ROU"]
[SourceTitle "playchess.com"]
[Source "ChessBase"]
[SourceQuality "1"]
[TimeControl "40/5400+30:1800+30"]

1. d4 {[%emt 0:00:00]} Nf6 {[%emt 0:00:00]} 2. Nf3 {[%emt 0:00:00]} e6 {[%emt 0:00:00]} 3. c4 {[%emt 0:00:00]} Bb4+ {[%emt 0:00:00]} 4. Nbd2 {[%emt 0:00:00]} c5 {[%emt 0:01:33]} 5. a3 {[%emt 0:03:15]} Bxd2+ {[%emt 0:00:06]} 6. Qxd2 {[%emt 0:02:15]} cxd4 {[%emt 0:04:01]} 7. Nxd4 {[%emt 0:01:24]} d5 {[%emt 0:00:41] E11: Bogo-Indian} 8. e3 {[%emt 0:01:38]} O-O {[%emt 0:00:31]} 9. cxd5 {[%emt 0:01:53]} Qxd5 {[%emt 0:00:24]} 10. Nb5 {[%emt 0:04:03]} Na6 {[%emt 0:01:11]} (10... Qc6 11. f3 a6 12. Nc3 e5 13. e4 Nbd7 14. Qf2 Nc5 15. Be3 Nb3 {½-½ (43) Kasparov,G (2812)-Short,N (2664) Saint Louis 2015}) 11. Qxd5 {[%emt 0:01:29]} Nxd5 {[%emt 0:00:08]} 12. e4 $146 {[%emt 0:00:12]} ({Predecessor:} 12. b4 Nac7 13. Nxc7 Nxc7 14. Bb2 Bd7 15. Rc1 {1-0 (39) Kanarek,M (2528)-Van der Lende,I (2332) Barcelona 2015}) 12... Ndc7 {[%emt 0:02:11]} 13. Bf4 {[%emt 0:02:14]} Nxb5 {[%emt 0:01:07]} 14. Bxb5 {[%emt 0:00:04]} Rd8 {[%emt 0:00:48]} 15. Rd1 {[%emt 0:04:30]} Rxd1+ {[%emt 0:00:11]} 16. Kxd1 {[%emt 0:00:03]} Nc5 {[%emt 0:00:41] [#]} 17. Ke2 $1 {[%emt 0:02:12]} Bd7 {[%emt 0:00:34]} 18. Bxd7 {[%emt 0:00:11]} Nxd7 {[%emt 0:00:05]} 19. Rc1 {[%emt 0:00:02]} Nf6 {[%emt 0:11:03]} 20. Rc7 {[%emt 0:05:40]} b6 {[%emt 0:10:46]} 21. f3 {[%emt 0:00:32]} a6 {[%emt 0:00:05]} 22. a4 {[%emt 0:06:03]} h6 {[%emt 0:25:23]} 23. Rb7 {[%emt 0:00:20]} h5 {[%emt 0:01:22]} 24. Be5 {[%emt 0:02:01]} Rc8 {[%emt 0:00:38]} 25. Bxf6 {[%emt 0:03:28]} gxf6 {[%emt 0:00:05]} 26. Kd3 {[%emt 0:01:26]} Rd8+ {[%emt 0:00:22]} 27. Ke3 {[%emt 0:00:37]} Rd6 {[%emt 0:00:07]} 28. b4 {[%emt 0:00:08]} e5 {[%emt 0:02:39]} 29. a5 {[%emt 0:07:11]} b5 {[%emt 0:01:45]} 30. Rb6 {[%emt 0:00:55]} Re6 {[%emt 0:00:08]} (30... Rd4 {is a better defense.} 31. Rxf6 (31. Rxa6 Rxb4 32. Rxf6 Rb3+ 33. Kd2 h4 $18) 31... Rxb4 32. Rxa6 h4) 31. f4 {[%emt 0:00:19]} exf4+ {[%emt 0:00:12]} 32. Kxf4 {[%emt 0:00:04]} Kg7 {[%emt 0:03:01]} 33. Rxe6 {[%emt 0:03:16]} fxe6 {[%emt 0:00:07]} 34. e5 {[%emt 0:00:01]} Kg6 {[%emt 0:01:25]} 35. exf6 {[%emt 0:00:10]} Kxf6 {[%emt 0:00:05]} 36. g4 {[%emt 0:00:14]} e5+ {[%emt 0:00:33]} 37. Kg3 $18 {[%emt 0:00:16]} 1-0

[Event "ROU-chT Women Superliga 2018"]
[Site "Sovata"]
[Date "2018.11.29"]
[Round "5"]
[White "Dobre, Ana-Margareta-Alexa"]
[Black "Popa, Andrada"]
[Result "1-0"]
[WhiteElo "1885"]
[BlackElo "1598"]
[Annotator "NA RC"]
[PlyCount "57"]
[EventDate "2018.11.24"]
[EventType "team-tourn"]
[EventCountry "ROU"]
[SourceTitle "playchess.com"]
[Source "ChessBase"]
[SourceQuality "1"]
[TimeControl "40/5400+30:1800+30"]

1. c4 {[%emt 0:01:50]} g6 {[%emt 0:00:59]} 2. g3 {[%emt 0:00:06]} Bg7 {[%emt 0:00:06]} 3. Bg2 {[%emt 0:00:04]} e6 {[%emt 0:00:34]} 4. Nc3 {[%emt 0:01:17]} Nf6 {[%emt 0:01:25]} 5. e4 {[%emt 0:05:52]} d6 {[%emt 0:04:33]} 6. Nge2 {[%emt 0:12:24]} e5 {[%emt 0:01:48]} 7. O-O {[%emt 0:12:00]} O-O {[%emt 0:00:26]} 8. d4 {[%emt 0:03:26]} Nbd7 {[%emt 0:04:40]} 9. Rb1 {[%emt 0:10:11]} Re8 {[%emt 0:03:49]} 10. dxe5 {[%emt 0:05:57]} Nxe5 {[%emt 0:05:23]} 11. b3 $1 {[%emt 0:00:13]} Nfd7 {[%emt 0:08:31]} 12. Nd5 {[%emt 0:06:28]} Nc5 {[%emt 0:04:51]} 13. Be3 {[%emt 0:08:11]} Ned7 {[%emt 0:08:27]} 14. Qc2 {[%emt 0:06:39]} Ne5 $14 {[%emt 0:16:28]} 15. h3 {[%emt 0:07:04]} f5 {[%emt 0:05:32]} 16. f4 {[%emt 0:06:41]} Nc6 {[%emt 0:03:51]} 17. Bxc5 {[%emt 0:00:30]} dxc5 {[%emt 0:00:16]} 18. e5 {[%emt 0:00:05]} Nd4 {[%emt 0:03:44]} 19. Qb2 {[%emt 0:03:43]} c6 {[%emt 0:02:55]} 20. Ndc3 {[%emt 0:00:21]} Rb8 {[%emt 0:04:21]} 21. Rbd1 {[%emt 0:00:18]} Qb6 {[%emt 0:01:09]} 22. Nxd4 {[%emt 0:00:26]} cxd4 {[%emt 0:01:08]} 23. Na4 {[%emt 0:00:02]} Qc7 {[%emt 0:01:22]} 24. Qxd4 {[%emt 0:00:08]} b5 {[%emt 0:03:12]} 25. cxb5 {[%emt 0:03:22]} cxb5 {[%emt 0:00:46]} 26. Rc1 {[%emt 0:01:06]} Qa5 {[%emt 0:01:10]} 27. Nc3 {[%emt 0:00:51]} Ba6 {[%emt 0:02:18]} 28. b4 {[%emt 0:01:03]} Red8 {[%emt 0:02:10]} 29. Bd5+ {[%emt 0:00:04]} 1-0

[Event "ROU-chT Women Superliga 2018"]
[Site "Sovata"]
[Date "2018.11.29"]
[Round "5"]
[White "Matasaru, Stephanie"]
[Black "Lehaci, Miruna-Daria"]
[Result "0-1"]
[WhiteElo "1859"]
[BlackElo "2067"]
[Annotator "NA RC"]
[PlyCount "78"]
[EventDate "2018.11.24"]
[EventType "team-tourn"]
[EventCountry "ROU"]
[SourceTitle "playchess.com"]
[Source "ChessBase"]
[SourceQuality "1"]
[TimeControl "40/5400+30:1800+30"]

1. e4 {[%emt 0:00:00]} c5 {[%emt 0:00:00]} 2. Nf3 {[%emt 0:00:00]} d6 {[%emt 0:00:00]} 3. d4 {[%emt 0:00:00]} cxd4 {[%emt 0:00:00]} 4. Nxd4 {[%emt 0:00:00]} Nf6 {[%emt 0:00:00] LiveBook: 96135 Games} 5. Nc3 {[%emt 0:00:00]} a6 {[%emt 0:00:00]} 6. h3 {[%emt 0:00:02]} e6 {[%emt 0:00:00]} 7. g4 {[%emt 0:03:31]} Be7 {[%emt 0:00:00]} 8. Bg2 {[%emt 0:00:19]} Nfd7 {[%emt 0:00:00] B81: Sicilian Scheveningen: Keres Attack} 9. O-O {[%emt 0:01:47]} (9. Be3 Nc6 10. h4 O-O 11. g5 Nde5 12. Qe2 Nxd4 13. Bxd4 Nc6 14. Be3 Bd7 15. f4 {½-½ (30) Dominguez Perez,L (2739)-Grischuk,A (2766) Saint Louis 2018}) 9... g5 {[%emt 0:00:03]} 10. Be3 {[%emt 0:07:08]} Ne5 $146 {[%emt 0:00:19]} ({Predecessor:} 10... Nc6 11. a4 Nce5 12. b3 b6 13. Nde2 Bb7 14. Qd2 h5 15. f3 Rc8 16. Ng3 {0-1 (52) Popovic,A (2300)-Ravic,N (2283) Belgrade 2009}) 11. Qe2 {[%emt 0:04:48]} Nbd7 {[%emt 0:02:57]} 12. f4 {[%emt 0:06:29]} gxf4 {[%emt 0:00:07]} 13. Bxf4 {[%emt 0:00:14]} h5 {[%emt 0:12:22]} 14. Bxe5 {[%emt 0:12:56]} Nxe5 {[%emt 0:00:13]} 15. gxh5 {[%emt 0:05:08]} Qb6 {[%emt 0:02:15]} 16. Qf2 {[%emt 0:04:41]} Bd7 {[%emt 0:01:00]} 17. Nf3 {[%emt 0:03:22]} Qxf2+ {[%emt 0:00:51]} ({Much less strong is} 17... Nxf3+ 18. Bxf3 Qxb2 19. Ne2 $17) 18. Rxf2 {[%emt 0:01:09]} Rxh5 {[%emt 0:00:36]} 19. Nxe5 {[%emt 0:03:28]} dxe5 {[%emt 0:00:21]} 20. Rf3 {[%emt 0:01:35]} Rc8 {[%emt 0:05:02]} 21. Raf1 {[%emt 0:03:17]} f6 {[%emt 0:00:43]} 22. Rg3 {[%emt 0:02:21]} Kf7 {[%emt 0:01:45]} 23. Bf3 {[%emt 0:03:51]} Rhh8 {[%emt 0:05:51]} 24. Bg4 {[%emt 0:01:32]} Bc6 {[%emt 0:02:51]} 25. Kh2 {[%emt 0:02:56]} b5 {[%emt 0:01:14]} 26. a3 {[%emt 0:02:22]} a5 {[%emt 0:00:28]} 27. Bf3 {[%emt 0:00:35]} Bf8 {[%emt 0:08:20]} 28. Rfg1 {[%emt 0:01:56]} Rd8 {[%emt 0:02:08]} 29. R1g2 {[%emt 0:03:23]} Bh6 {[%emt 0:02:15]} 30. Bh5+ $2 {[%emt 0:02:27]} (30. Kg1) 30... Kf8 {[%emt 0:00:32]} 31. Ne2 $19 {[%emt 0:03:16]} Bxe4 {[%emt 0:02:18]} 32. Rf2 {[%emt 0:00:52]} f5 {[%emt 0:02:21]} 33. Bf3 {[%emt 0:01:15]} Bxc2 {[%emt 0:00:43]} 34. Rg6 {[%emt 0:01:17]} Ke7 {[%emt 0:01:11]} 35. Nc3 {[%emt 0:01:35]} Bf4+ {[%emt 0:01:10]} 36. Kg2 {[%emt 0:02:24]} Kf7 {[%emt 0:00:18]} 37. Rxc2 {[%emt 0:02:01]} Kxg6 {[%emt 0:00:05]} 38. Nxb5 {[%emt 0:00:23]} e4 {[%emt 0:00:11]} 39. Be2 {[%emt 0:00:33]} Rd2 {[%emt 0:00:09]} 0-1

[Event "ROU-chT Women Superliga 2018"]
[Site "Sovata"]
[Date "2018.11.29"]
[Round "5"]
[White "Pelin, Ana-Maria"]
[Black "Aciu, Malina-Andreea"]
[Result "0-1"]
[WhiteElo "1751"]
[BlackElo "1976"]
[Annotator "NA RC"]
[PlyCount "64"]
[EventDate "2018.11.24"]
[EventType "team-tourn"]
[EventCountry "ROU"]
[SourceTitle "playchess.com"]
[Source "ChessBase"]
[SourceQuality "1"]
[TimeControl "40/5400+30:1800+30"]

1. d4 {[%emt 0:00:00]} d5 {[%emt 0:00:00]} 2. c4 {[%emt 0:00:00]} dxc4 {[%emt 0:00:00]} 3. Nf3 {[%emt 0:00:00]} Nf6 {[%emt 0:00:00]} 4. e3 {[%emt 0:00:00]} Bg4 {[%emt 0:00:00] LiveBook: 1383 Games} 5. Bxc4 {[%emt 0:00:09]} e6 {[%emt 0:00:00]} 6. O-O {[%emt 0:00:51]} Nc6 {[%emt 0:00:09]} 7. Nc3 {[%emt 0:01:24]} Bd6 {[%emt 0:00:14] D07: Queen's Gambit: Chigorin Defence} 8. a3 {[%emt 0:12:46]} (8. Bb5 O-O 9. h3 Bh5 10. b3 Nb4 11. Be2 c5 12. a3 cxd4 13. Nxd4 Bxe2 14. Qxe2 Nbd5 15. Nxd5 Nxd5 {1-0 (45) Lenic,L (2662)-Kriebel,T (2520) Batumi 2018}) 8... O-O {[%emt 0:00:14]} 9. b4 {[%emt 0:00:20]} Qe7 $146 {[%emt 0:03:05]} ({Predecessor:} 9... e5 10. dxe5 Nxe5 11. Be2 Qe7 12. Nd4 Rad8 13. h3 Bc8 14. Qc2 Ng6 15. Nf3 {½-½ (27) Loheac Amoun,F-Johannessen,S Nice 1974}) 10. Bb2 {[%emt 0:05:09]} Rad8 {[%emt 0:03:52]} (10... e5 $5 {[%cal Re5e4]}) 11. Be2 {[%emt 0:04:48]} e5 {[%emt 0:11:25]} 12. b5 {[%emt 0:09:40]} (12. d5 $11 e4 13. Nd2 Bxe2 14. Qxe2) 12... exd4 {[%emt 0:09:19]} 13. Nxd4 {[%emt 0:04:33]} Qe5 {[%emt 0:06:43]} 14. g3 {[%emt 0:03:39]} Nxd4 {[%emt 0:00:29]} 15. exd4 {[%emt 0:02:23]} Qh5 {[%emt 0:02:26]} 16. Qc2 {[%emt 0:04:17]} Rfe8 {[%emt 0:03:23]} 17. f3 {[%emt 0:01:27]} Bf5 {[%emt 0:03:08]} 18. Bd3 {[%emt 0:11:07]} Bh3 {[%emt 0:04:43]} 19. Rf2 {[%emt 0:05:38]} Re7 {[%emt 0:07:58]} 20. Ne4 {[%emt 0:04:39]} Nd5 $11 {[%emt 0:03:28]} 21. Qd2 {[%emt 0:07:06]} Rde8 {[%emt 0:03:12]} 22. Qg5 {[%emt 0:03:57]} Qxg5 {[%emt 0:01:59]} 23. Nxg5 {[%emt 0:01:13]} Re1+ {[%emt 0:01:09]} 24. Rxe1 {[%emt 0:02:14]} Rxe1+ {[%emt 0:00:06]} 25. Bf1 {[%emt 0:00:05]} Rxf1+ {[%emt 0:10:00]} 26. Rxf1 {[%emt 0:00:11]} Bxf1 {[%emt 0:00:03]} 27. Kxf1 {[%emt 0:00:03]} Ne3+ {[%emt 0:00:04]} 28. Ke2 {[%emt 0:00:33]} Nc4 {[%emt 0:00:03]} 29. Bc3 Nxa3 {[%emt 0:00:20]} 30. Ne4 {[%emt 0:02:56]} Nxb5 {[%emt 0:00:10]} 31. Nxd6 {[%emt 0:01:57]} Nxc3+ {[%emt 0:00:53]} 32. Kd3 {[%emt 0:00:03]} cxd6 {[%emt 0:00:05]} 0-1

[Event "ROU-chT Women Superliga 2018"]
[Site "Sovata"]
[Date "2018.11.29"]
[Round "5"]
[White "Popa, Catalina-Elena"]
[Black "Visanescu, Daria-Ioana"]
[Result "0-1"]
[WhiteElo "1746"]
[BlackElo "2096"]
[Annotator "NA RC"]
[PlyCount "98"]
[EventDate "2018.11.24"]
[EventType "team-tourn"]
[EventCountry "ROU"]
[SourceTitle "playchess.com"]
[Source "ChessBase"]
[SourceQuality "1"]
[TimeControl "40/5400+30:1800+30"]

1. d4 {[%emt 0:00:00]} d5 {[%emt 0:01:34]} 2. Bf4 {[%emt 0:00:00]} e6 {[%emt 0:00:35]} 3. e3 {[%emt 0:00:24]} Nf6 {[%emt 0:00:38]} 4. Nf3 {[%emt 0:02:09]} Bd6 {[%emt 0:00:15]} 5. Ne5 {[%emt 0:03:05]} O-O {[%emt 0:03:17]} 6. Nd2 {[%emt 0:00:20]} c5 {[%emt 0:03:17]} 7. c3 {[%emt 0:00:08] D02: 1 d4 d5 2 Nf3 sidelines, including 2...Nf6 3 g3 and 2...Nf6 3 Bf4} b6 {[%emt 0:00:30]} (7... Nc6 8. Nxc6 bxc6 9. dxc5 Bxc5 10. Bd3 Bd6 11. Bg5 h6 12. Bh4 a5 13. O-O Be7 14. e4 Ba6 15. Bxa6 Rxa6 {½-½ (54) Mamedyarov,S (2804)-Khachiyan,M (2522) chess.com INT 2018}) 8. Bd3 {[%emt 0:02:53]} h6 {[%emt 0:01:40]} 9. Bg3 $146 {[%emt 0:00:58]} ({Predecessor:} 9. Qf3 Bb7 10. Qh3 Ne4 11. f3 Ng5 12. Qh5 f5 13. h4 {1-0 (40) Fritsch,J (1789)-Perk,E (1682) Binz 2014}) 9... Bb7 {[%emt 0:00:57]} 10. f4 {[%emt 0:01:31]} Ne4 {[%emt 0:03:11]} 11. Ndf3 {[%emt 0:12:42]} Nd7 {[%emt 0:10:30]} 12. O-O {[%emt 0:04:34]} Nxe5 {[%emt 0:07:41]} 13. fxe5 {[%emt 0:02:46]} Be7 {[%emt 0:00:40]} 14. Qe1 {[%emt 0:01:27]} c4 {[%emt 0:02:29]} (14... Qc8 $11) 15. Bxe4 {[%emt 0:08:05]} dxe4 {[%emt 0:00:09]} 16. Nd2 {[%emt 0:00:04]} b5 {[%emt 0:00:58]} 17. Qe2 {[%emt 0:01:47]} Qd5 {[%emt 0:07:54]} (17... Rc8 $11) 18. Qg4 {[%emt 0:08:45]} f5 {[%emt 0:02:53]} 19. exf6 {[%emt 0:09:07]} Bxf6 {[%emt 0:00:08]} 20. Rae1 {[%emt 0:02:30]} e5 {[%emt 0:03:50]} 21. Rf5 {[%emt 0:03:27]} Bc8 {[%emt 0:00:52]} 22. Nxe4 {[%emt 0:01:34]} Bxf5 {[%emt 0:01:18]} 23. Qxf5 {[%emt 0:00:03] [#]} Bh4 $1 {[%emt 0:02:30]} 24. Qg6 {[%emt 0:08:36]} Bxg3 {[%emt 0:00:38]} 25. Nxg3 {[%emt 0:00:26]} Qf7 {[%emt 0:04:11]} 26. Qxf7+ {[%emt 0:01:37]} Rxf7 {[%emt 0:02:27]} 27. d5 {[%emt 0:00:36]} Rd8 {[%emt 0:01:24]} 28. e4 {[%emt 0:00:39]} g6 {[%emt 0:00:10]} 29. Re2 {[%emt 0:02:53]} Kf8 {[%emt 0:01:06]} 30. Nf1 {[%emt 0:01:32]} Ke7 {[%emt 0:00:24]} 31. Nd2 {[%emt 0:00:42]} Kd6 {[%emt 0:00:51]} 32. Nf3 {[%emt 0:00:22]} a5 {[%emt 0:01:29]} 33. Rc2 {[%emt 0:08:54]} Rc8 {[%emt 0:04:21]} 34. a3 {[%emt 0:01:17]} g5 {[%emt 0:12:35]} 35. h3 {[%emt 0:00:41]} Rg8 {[%emt 0:03:56]} 36. Nd2 {[%emt 0:04:20]} (36. Rf2 $142) 36... g4 {[%emt 0:01:37]} 37. h4 {[%emt 0:00:29]} g3 {[%emt 0:00:04]} 38. a4 {[%emt 0:05:49]} Kc5 {[%emt 0:09:16]} 39. axb5 {[%emt 0:00:55]} Kxb5 {[%emt 0:00:12]} 40. b3 {[%emt 0:00:00]} cxb3 {[%emt 0:00:00]} 41. Nxb3 {[%emt 0:01:48]} Kc4 {[%emt 0:03:17]} 42. Nxa5+ {[%emt 0:03:18]} Kd3 {[%emt 0:00:05] Double Attack} 43. Rc1 {[%emt 0:00:21]} Rgf8 {[%emt 0:06:22]} 44. Re1 {[%emt 0:08:05]} Kd2 {[%emt 0:02:07]} 45. Ra1 $2 {[%emt 0:00:15]} (45. Rb1) 45... Ke2 {[%emt 0:05:31]} 46. Ra2+ {[%emt 0:00:04]} Kd3 {[%emt 0:00:32] Double Attack} 47. Ra1 {[%emt 0:00:18]} Ra8 {[%emt 0:01:11]} 48. c4 {[%emt 0:13:27]} Rfa7 {[%emt 0:01:37]} 49. Ra3+ {[%emt 0:00:16]} Kxe4 {[%emt 0:00:23]} 0-1